Anything but Pakistan Quiz Stats

 Plays Quiz Updated Feb 15, 2018

Also try: Anything but Spain
Challenge
Share
Tweet
Embed
Score 0/35 Timer 05:00
1 Play Today
% Correct
India
95%
India
94.6%
India
94.6%
United States
94.5%
Afghanistan
94.2%
Afghanistan
94.2%
Afghanistan
94.1%
Iran
93.8%
Iran
93.8%
China
93.2%
China
92%
Turkmenistan
90.6%
Uzbekistan
90.1%
Kazakhstan
90.1%
Kazakhstan
90.1%
Russia
88.1%
United Kingdom
88%
North Korea
87.8%
% Correct
Nepal
86.9%
Tajikistan
85.3%
Tajikistan
85.3%
France
85.2%
Kyrgyzstan
85.1%
Kyrgyzstan
85.1%
Oman
81.9%
Yemen
80.8%
Japan
78.5%
Indonesia
71.5%
Bangladesh
70.5%
Bhutan
66%
Sri Lanka
63.6%
Nigeria
56.8%
Maldives
53.5%
Somalia
52.4%
Mauritania
17.8%

You're not logged in!

Compare scores with friends on all Sporcle quizzes.
OR
Log In

You Might Also Like...

Show Comments

Extras

Top Quizzes Today


Score Distribution

Your Account Isn't Verified!

In order to create a playlist on Sporcle, you need to verify the email address you used during registration. Go to your Sporcle Settings to finish the process.

Report this User

Report this user for behavior that violates our Community Guidelines.

Details: